000 00370nam a2200169Ia 4500
100 _aDonovan/ H. Ed.
650 _aGeneral
490 _v3
942 _cRB
654 _aFabulous century
245 _aThis fabulous century 1920-1930
260 _bTime-life books
_aNew Jersey
_c1974
082 _a970.05
_bTim
300 _a288
546 _aENGLISH
999 _c34837
_d34837